000 01643cam a2200265 4500
001 WB3836-21
008 021003n2002 000 0 eng u
035 _a(Sirsi) u119978
245 _aDelays to waste acceptance criteria
260 _c2002
490 _aEnvironment Agency Press Release
_v 17 September 2002
490 _aEnvironment Information Bulletin
_v(123) October 2002, 4&6
490 _aEnvironment, Food and Rural Affairs Committee
_v50 26 July 2002, (5)
520 _aThe Environment Agency (EA) is consulting on national interim waste acceptance criteria under the landfill Directive. Responses are required by 15 November 2002; the consultation paper is available at http://www.environment-agency.gov.uk/yourenv/consultations/343078/?version=1&lang=_e. A report by the Environment, Food and Rural Affairs Select Committee identifies a lack of guidance and criteria for the disposal of waste, under-resourcingof the EA and the need for better quality data on hazardous waste generation and disposal as key concerns. The report can be seen at http://www.publications.parliament.uk/pq/cm2000102/cmselect/cmenvfru/919/919.pdf.
590 _aWB
650 _aHAZARDOUS WASTE
650 _aWASTE DISPOSAL
650 _aWASTE ACCEPTANCE CRITERIA
650 _aLANDFILL DIRECTIVE
650 _aPUBLIC CONSULTATIONS
690 _aENVIRONMENTAL AND LAND CONSULTANCY-WASTE MANAGEMENT
856 _ahttp://www.environment-agency.gov.uk/news/353258?lang=_e&region=National&projectstatus=&theme=&subject=Waste&searchfor=&topic=&area=&month=
856 _ahttp://www.parliament.uk/commons/selcom/efrapnt50.htm
942 _n0
999 _c71293
_d71293